| 000 | 00478nam a2200169 a 4500 | ||
|---|---|---|---|
| 001 | 0000-8702 | ||
| 003 | ELIB.Books | ||
| 008 | 110520 2008 | ||
| 035 | _a(ELIB.Books)0000-8848 | ||
| 082 |
_a251 _bCra |
||
| 100 | _aCrabtree, T.T. | ||
| 245 | _aThe Zondervan 2009, 2010, 2015, 2016 Pastor's Annual | ||
| 260 |
_bGrand Rapids: Zondervan Publishing House _c2008 |
||
| 650 | _aPreaching | ||
| 942 |
_2ddc _cBK |
||
| 998 |
_cbat _e2011-05-20 _mcat _u2019-06-20 |
||
| 999 |
_c8702 _d8702 |
||